000 01990nam a2200361 i 4500
001 768714001
003 CO-MdFUSB
005 20210415144041.0
007 ta
008 200619t1989 sp |||| |||| 00| 0 spa d
020 _a8425406196
040 _aCO-MdFUSB
_bspa
_cCO-MdFUSB
_dCO-MdFUSBC
_erda
041 _aspa
082 _223
_a158.2
_bW353
100 _aWatzlawick, Paul,
_d1921-2007
_eautor
245 _aCambio
_b: Formación y solución de los problemas humanos
_c/ Paul Watzlawick , John H. Wakland , Richard Fisch ; prefacio por Milton H. Erickson
264 1 _aBarcelona, España :
_bHerder,
_c[1989]
264 4 _c©1989
300 _c194 páginas ;
_a22 cm
336 _2rdacontent
_atexto
_btxt
337 _2rdamedia
_asin mediación
_bn
338 _2rdacarrier
_avolumen
_bnc
490 1 _aBiblioteca de psicología
504 _aBibliografía (páginas 189-194)
505 _aPrefacio de Milton H. Erickson -- Prólogo -- Parte primera: Resistencia y cambio -- La perspectiva teórica -- La perspectiva práctica -- Parte segunda: Formación de problemas -- "Mas de lo mismo" o cuando la solución es el problema -- Las terribles simplificaciones -- El síndrome de utopía -- Paradojas -- Parte tercera: Resolución de problemas -- Cambio -- El delicado arte de reestructurar -- La práctica del cambio -- Ejemplos -- Menos de lo mismo -- Divulgar en lugar de ocultar -- Los grandes efectos de pequeñas causas -- El "truco de Bellac" -- Utilixar la resistencia -- Acusaciones irrefutables y negaciones indemostrables -- Sabotaje benévolo -- Los beneficios de la falta de atención -- Problemas con los estudios -- Tratando utopías - El pacto con el diablo -- Un horizonte más amplio -- Referencias bibliográficas.
563 _aRústico
650 7 _972
_aPsicología social
700 _94306
_aWakland, John H.
_eautor
700 _94307
_aFisch, Richard, 1926 -.
_eautor
830 _aBiblioteca de psicología
_v35
942 _cBK
945 _aDani
999 _c66182
_d66182